Nửa chừng xuân : Tiểu thuyết /
Uloženo v:
| Hlavní autor: | |
|---|---|
| Médium: | Sách giấy |
| Jazyk: | Vietnamese |
| Vydáno: |
H. :
Văn học ,
1997.
|
| Témata: | |
| Tagy: |
Přidat tag
Žádné tagy, Buďte první, kdo otaguje tento záznam!
|
| Thư viện lưu trữ: | Thư viện Trường Đại học Đà Lạt |
|---|
| LEADER | 00565nam a2200241 4500 | ||
|---|---|---|---|
| 001 | DLU020010952 | ||
| 005 | ##19991207 | ||
| 041 | # | # | |a vie |
| 082 | # | # | |a TV |b KH-H |
| 100 | # | # | |a Khái Hưng. |
| 245 | # | # | |a Nửa chừng xuân : |b Tiểu thuyết / |c Khái Hưng. |
| 260 | # | # | |a H. : |b Văn học , |c 1997. |
| 300 | # | # | |a 371 tr.; |c 19 cm. |
| 650 | # | # | |a Tiểu thuyết Việt Nam. |
| 992 | # | # | |a 28000 |
| 994 | # | # | |a DLU |
| 900 | # | # | |a False |
| 911 | # | # | |a Administrator |
| 925 | # | # | |a G |
| 926 | # | # | |a A |
| 927 | # | # | |a SH |
| 980 | # | # | |a Thư viện Trường Đại học Đà Lạt |